000 00427nam a2200169Ia 4500
005 20250508161614.0
008 008 250505s9999 xx 000 0 hin d
037 _aTextual
040 _aFEDL
_beng
_cFEDL
041 _ahin
_2hin
084 _aB, KRI
_qFEDL
245 0 _aShri krishan
260 _aDelhi, India
_bRajpal and Sons
_c1957
300 _a45p.
942 _cTEXL
_hB, KRI
999 _c1371072
_d1371072